Pla de Cooperació i Assistència Local 1988 : PCAL colze a colze amb els ajuntaments al servei dels ciutadans PCAL colze a colze amb els ajuntaments al servei dels ciutadans
Descripción Física:
[14] p. ; 21 x 21 cm
Materias:
Pla de Cooperació i Assistència Local
MARC
| LEADER | 00000nam a2200000Ia 4500 | ||
|---|---|---|---|
| 001 | 14958 | ||
| 008 | 160829s1988 xx 000 0 cat d | ||
| 080 | |a FU-32-19 | ||
| 110 | 2 | |a Pla de Cooperació i Assistència Local |9 55243 | |
| 245 | |a Pla de Cooperació i Assistència Local 1988 : |b PCAL colze a colze amb els ajuntaments al servei dels ciutadans | ||
| 260 | |a [Barcelona] : |b Diputació de Barcelona, |c 1988 | ||
| 300 | |a [14] p. ; |c 21 x 21 cm | ||
| 610 | 2 | 0 | |a Pla de Cooperació i Assistència Local |9 55243 |
| 710 | 1 | |a Barcelona (Catalunya : Província). |b Diputació |9 52408 | |
| 901 | |a Arxiu | ||
| 942 | |n 1 | ||
| 952 | |0 0 |1 0 |4 0 |6 FU3219 |7 1 |9 48719 |a Arxiu |b Arxiu |d 2016-12-01 |l 0 |o FU-32-19 |p 14958 |r 2016-12-01 00:00:00 |w 2016-12-01 |y ARXIU | ||
| 999 | |c 52550 |d 52550 | ||